000
00319nam a22001217a 4500
008
250312b |||||||| |||| 00| 0 eng d
020
_a
0340705302
050
_a
HD 9000
_b
.C68
100
_a
Cousins John
245
_a
Learning About Food and Beverage Service
260
_a
England
_b
Hodder & Stoughton
_c
1998
942
_c
BK
999
_c
2268
_d
2268